Normale Ansicht MARC-Ansicht ISBD

Die preußische Ostasien-Expedition und der ungleiche Vertrag mit China 1861. Startschuss für die Durchsetzung deutscher Kolonialinteressen/ (Titelsatznr. 370951)

[ MARC ]
MARC-Details
000 -Satzkennung
Kontrollfeld mit fester Länge 00786nam a2200205 4500
008 - Feld mit fester Länge zur physischen Beschreibung - Allgemeine Angaben
Kontrollfeld mit fester Länge 201207b ||||| |||| 00| 0 eng d
040 ## - Katalogisierungsquelle
Katalogisierungssprache ger
Übertragungsstelle DE-2950
Beschreibungsfestlegungen rda
Original-Katalogisierungsstelle DE-2950
041 ## - Sprachcode
Sprachcode des Textes/der Tonspur oder des separaten Titels ger
100 ## - Person oder Familie als 1. geistiger Schöpfer
Personenname Leutner, Mechthild:
245 ## - Titel
Haupttitel Die preußische Ostasien-Expedition und der ungleiche Vertrag mit China 1861. Startschuss für die Durchsetzung deutscher Kolonialinteressen/
Verantwortlichkeitsangabe Mechthild Leutner
264 ## - Veröffentlichungsangabe, Vertriebsangabe, Herstellungsangabe
Erscheinungs-, Vertriebs-, Herstellungsdatum 2021
490 ## - Gesamttitelangabe
Haupttitel der Reihe/Unterreihe Die Mark Brandenburg
Zählung Heft 122: China In Brandenburg
653 ## - Lokales Schlagwort
Nicht-normierter Term Expedition / China
653 ## - Lokales Schlagwort
Nicht-normierter Term 19. Jahrhundert
773 ## - Übergeordnete Einheit
Ort, Verlag und Erscheinungsjahr Berlin: Die Mark Brandenburg - Verlag für Regional- und Zeitgeschichte
Verknüpfungsangaben (2021) Heft 122, S. 36-39: Abb.
Titel Die Mark Brandenburg
942 ## - Zusätzliche Felder (Koha)
Koha-Medientyp Aufsätze
Exemplare
Ausgeschieden Verloren Beschädigt Nicht entleihbar Permanenter Standort Aktueller Standort Aufstellungsort Eingabedatum Anzahl Ausleihen Signatur Letzte Aktivität Preis gültig von Medientyp
        Stadtarchiv Frankfurt (Oder) | Archivbibliothek Stadtarchiv Frankfurt (Oder) | Archivbibliothek Magazin 12/10/2021   Z2 12/10/2021 12/10/2021 Aufsätze